000 00652nam a22002417a 4500
001 95471
003 UA-OsUOA
005 20211006141922.0
007 ta
008 20130228b un ||||| |||| 00| 0 ukr d
040 _aUA-OsUOA
_brus
_cUA-OsUOA
_dUA-OsUOA
041 _arus
080 _a821.161.1
090 _a821.161.1
_bК58
100 _aКожевников А. В.
245 _aСобрание сочинений
_bв 4-х т.
260 _aМ.
_bХудожественая литература
_c1977
300 _a478 с.
505 _gТ. 1
650 7 _a821 Художня література
_2UDC
942 _cBK
_2udc
955 _a3
999 _c381696
_d381696